Responses for show #5162 - Tuesday, February 6, 2007

2007 Teen Tournament quarterfinal game 2.

Contestants

[<< previous game]

Eliza Urban, a sophomore from Richmond, Virginia

Jeffrey Gerlomes, a freshman from Napa, California

Stephen Fritz, a sophomore from Lexington, Kentucky

[next game >>]

Jeopardy! Round responses

IDENTIFY THE CONTINENT
CAT GOT YOUR MOVIE?
ALSO A WEATHER TERM
MONTHLY NAME ORIGINS
MMM... CHOCOLATE!
"V"OCABULARY
    $200 1
Antarctica

Stephen
    $200 18
The Cat in the Hat

Eliza
    $200 26
hail

Stephen
    $200 4
March

Stephen
    $200 10
white chocolate

Jeffrey
    $200 11
a vaccination

Jeffrey
    $400 2
Asia

Stephen
    $400 19
Stuart Little

Stephen
    $400 27
(Eliza: What is static?)

snow

StephenEliza
    $400 6
(Jeffrey: Who was Julius Caesar? What is J--?)

August

JeffreyEliza
    $400 16
M&M's

Jeffrey
    $400 12
a valedictorian

Jeffrey
    $600 3
Africa

Jeffrey
    $600 21
Garfield

Stephen
    $600 28
(Eliza: What are woodwinds?)

winds

JeffreyEliza
    $600 7
June

Jeffrey
    $600 20
3 Musketeers

Jeffrey
    $600 13
virtual reality

Jeffrey
    $800 5
South America

Jeffrey
    $800 24
(Jeffrey: What is Jinx?)

Catwoman

JeffreyEliza
    $800 29
a cloud

Eliza
    $800 8
January

Eliza
    $800 22
Vermont

Stephen
    $500 14
velocity

Jeffrey
    $1000 17
(Stephen: What is Europe?)

Australia

StephenJeffrey
    $1000 25
The Pink Panther

Jeffrey
    $1000 30
thunder

Stephen
    $1000 9
(Eliza: What is, um... September?)
...
(Alex: The goddess is Maia; hence the month of [*].)

May

Eliza
Triple Stumper
    $1000 23
Montezuma

Eliza
    $1000 15
a veranda

Eliza

Scores at the first commercial break (after clue 14):

Stephen Jeffrey Eliza
$800 $3,500 $200

Scores at the end of the Jeopardy! Round:

Stephen Jeffrey Eliza
$3,200 $6,300 $3,000

Double Jeopardy! Round responses

'90s NEWS
WE ARE THE CHAMPIONS
19th CENTURY AMERICAN LIT
HEALTH MATTERS
NATIONAL NAMES
YOU CAN SPEAK JAPANESE
    $400 3
North Korea

Stephen
    $400 21
the St. Louis Cardinals

Stephen
    $400 2
Tom Sawyer

Stephen
    $400 24
(Eliza: What is salmonella?)

botulism

Eliza
Triple Stumper
    $400 12
Vietnam

Jeffrey
    $400 1
(Stephen: What is kabuki?)

karaoke

Stephen
Triple Stumper
    $800 4
Kuwait

Stephen
    $800 22
(Tom) Brady

Stephen
    $800 10
The Scarlet Letter

Eliza
    $800 25
second degree

Jeffrey
    $800 17
[Stephen furiously tries to buzz in, but Eliza wins the buzzer battle.]
...
(Alex: Yeahhh, you broke Stephen's heart.)

Norway

Eliza
    $800 8
a futon

Eliza
    $1200 5
Clarence Thomas

Jeffrey
    $1200 23
Jeff Gordon

Eliza
    $1,000 14
Sleepy Hollow

Eliza
    $1200 28
the liver

Stephen
    $1200 18
(Eliza: What is Puerto Rico?)

Portugal

StephenEliza
    $1200 9
soy

Jeffrey
    $1600 6
Chechnya

Stephen
    $1600 26
(Roger) Federer

Stephen
    $1600 15
(Stephen: What is Where the Red Fern Grows?)

The Red Badge of Courage

Stephen
Triple Stumper
    $1600 29
nitrogen

Stephen
    $1600 19
Luxembourg

Jeffrey
    $1600 11
manga

Stephen
    $2000 7
Peru

Jeffrey
    $2000 27
Paul Hamm

Jeffrey
    $2000 16
The Gold Bug

Eliza
    $1,000 30
a muscle

Stephen
    $2000 20
Togo

Triple Stumper
    $2000 13
bonsai

Eliza

Scores at the end of the Double Jeopardy! Round:

Stephen Jeffrey Eliza
$13,800 $15,500 $10,000

Final Jeopardy! Round responses

THE U.S. MILITARY
ElizaWhat is the U.S. Air Force??
$0
StephenWhat is The Air Force?
$607
JeffreyWhat is the Navy
$15,500
the Air Force

Final scores:

Stephen Jeffrey Eliza
$14,407 $0 $10,000
Automatic semifinalist 3rd place: $5,000 if eliminated 2nd place: $5,000 if eliminated

Game dynamics:

Coryat scores:

Stephen Jeffrey Eliza
$14,800 $15,800 $10,200
21 R
(including 1 DD),
3 W
20 R
(including 1 DD),
2 W
14 R
(including 1 DD),
5 W

Combined Coryat: $40,800

The J! Archive is created by fans, for fans. The Jeopardy! game show and all elements thereof, including but not limited to copyright and trademark thereto, are the property of Jeopardy Productions, Inc. and are protected under law. This website is not affiliated with, sponsored by, or operated by Jeopardy Productions, Inc. Join the discussion at JBoard.tv.